[Event "GER-ch U25 op-B"]
[Site "Oberhof"]
[Date "2012.06.01"]
[Round "8"]
[White "Koll, Lukas"]
[Black "Dopmann, Sina"]
[Result "1-0"]
[WhiteElo "1282"]
[BlackElo "1158"]
[PlyCount "127"]
[EventDate "2012.05.27"]
[EventType "swiss"]
[EventRounds "9"]
[EventCountry "GER"]
[SourceTitle "CBM 148 Extra"]
[Source "ChessBase"]
[SourceDate "2012.06.22"]
[SourceVersion "1"]
[SourceVersionDate "2012.06.22"]
[SourceQuality "1"]

1. e4 e5 2. Nf3 d6 3. h3 Be7 4. Bc4 Nd7 5. Nc3 Ngf6 6. d3 0-0 7. Nd5 c6 8. Nxe7+ Qxe7 9. Bg5 b5 10. Bb3 a5 11. a4 b4 12. 0-0 Bb7 13. c3 Qd8 14. Qd2 Qc7 15. cxb4 axb4 16. Qxb4 d5 17. exd5 cxd5 18. Rac1 Qb8 19. Rfe1 e4 20. dxe4 dxe4 21. Nd2 Re8 22. Rc4 Nd5 23. Qa3 N5f6 24. Qa2 Bd5 25. Rd4 Bxb3 26. Qxb3 Qxb3 27. Nxb3 Ra6 28. Nd2 Ree6 29. b4 h6 30. Be3 Kf8 31. b5 Ra8 32. Ra1 Ke8 33. Nc4 Nb6 34. Nxb6 Rxb6 35. Rxe4+ Nxe4 36. Bxb6 Nc3 37. a5 Nxb5 38. Kf1 Kd7 39. Re1 Na3 40. Bc5 Rxa5 41. Re7+ Kc6 42. Bxa3 Rxa3 43. Rxf7 Ra1+ 44. Ke2 Ra2+ 45. Kf3 Ra3+ 46. Kg4 Ra2 47. Kg3 Ra3+ 48. f3 Ra5 49. Rxg7 Rg5+ 50. Rxg5 hxg5 51. Kg4 Kd7 52. Kxg5 Ke8 53. h4 Kf8 54. h5 Kg8 55. h6 Kh8 56. f4 Kg8 57. Kh5 Kf7 58. g4 Kg8 59. g5 Kf7 60. f5 Kg8 61. g6 Kh8 62. f6 Kg8 63. f7+ Kf8 64. h7 1-0

[Event "GER-ch U25 op-B"]
[Site "Oberhof"]
[Date "2012.05.31"]
[Round "7"]
[White "Hageresch, Leon"]
[Black "Dopmann, Sina"]
[Result "1-0"]
[WhiteElo "1371"]
[BlackElo "1158"]
[PlyCount "61"]
[EventDate "2012.05.27"]
[EventType "swiss"]
[EventRounds "9"]
[EventCountry "GER"]
[SourceTitle "CBM 148 Extra"]
[Source "ChessBase"]
[SourceDate "2012.06.22"]
[SourceVersion "1"]
[SourceVersionDate "2012.06.22"]
[SourceQuality "1"]

1. d4 d6 2. c4 Nd7 3. Nc3 e5 4. e3 Be7 5. Nf3 Ngf6 6. Bd3 0-0 7. 0-0 c6 8. Qc2 Qc7 9. dxe5 dxe5 10. Ng5 h6 11. Nh7 Rd8 12. Nxf6+ Nxf6 13. Ne4 a6 14. Nxf6+ Bxf6 15. Rd1 Bd7 16. e4 Rac8 17. Be3 b5 18. cxb5 cxb5 19. Qxc7 Rxc7 20. Bb6 Rcc8 21. Bxd8 Rxd8 22. a4 bxa4 23. Bxa6 Kf8 24. Rd5 Ke7 25. Rc1 Ke6 26. Rcc5 g5 27. Bb5 Bxb5 28. Rxd8 Bxd8 29. Rxb5 f5 30. exf5+ Kxf5 31. Rb4 1-0

[Event "GER-ch U25 op-B"]
[Site "Oberhof"]
[Date "2012.05.30"]
[Round "6"]
[White "Dopmann, Sina"]
[Black "Arns, Alexander"]
[Result "0-1"]
[WhiteElo "1158"]
[BlackElo "1452"]
[PlyCount "70"]
[EventDate "2012.05.27"]
[EventType "swiss"]
[EventRounds "9"]
[EventCountry "GER"]
[SourceTitle "CBM 148 Extra"]
[Source "ChessBase"]
[SourceDate "2012.06.22"]
[SourceVersion "1"]
[SourceVersionDate "2012.06.22"]
[SourceQuality "1"]

1. Nc3 d5 2. e4 d4 3. Nce2 e5 4. Ng3 Nf6 5. Nf3 Bd6 6. Bc4 0-0 7. d3 Nbd7 8. a3 Nb6 9. Ba2 Re8 10. 0-0 Be6 11. Bg5 Bxa2 12. Rxa2 h6 13. Bxf6 Qxf6 14. Nf5 Rad8 15. Ra1 Na4 16. Rb1 Nc5 17. b4 Na4 18. Qd2 Nc3 19. Rbe1 Re6 20. Kh1 Bf8 21. Ng1 Ra6 22. Qc1 Nb5 23. Qb2 Rxa3 24. Ra1 Rxa1 25. Rxa1 g6 26. Ng3 a6 27. Nf3 Qd6 28. Ra4 Re8 29. Nd2 Nc3 30. Ra3 Nd1 31. Qb1 Nxf2+ 32. Kg1 Ng4 33. Rb3 Qf6 34. Qd1 Qf2+ 35. Kh1 Ne3 0-1